| 000 | 01082nam a2200229Ia 4500 | ||
|---|---|---|---|
| 999 |
_c39416 _d39416 |
||
| 001 | 6007 | ||
| 003 | GE_BSU | ||
| 005 | 20190624210912.0 | ||
| 008 | 181216s1977||||ge |||||||||||||| ||geo|| | ||
| 041 | _ageo | ||
| 080 | _a621.315(076) გ-45 | ||
| 100 |
_aგველესიანი, გ. _92869 |
||
| 245 |
_aლაბორატორიული პრაქტიკუმი ნახევრადგამტარ მასალათა ტექნოლოგიაში / _cგ. გველესიანი ; ი. ცისკარიშვილი ; ა. ბასარია. |
||
| 264 |
_aთბილისი: _bსპი, _c1977. |
||
| 300 |
_a69 გვ .: _bცხრ. _c19 სმ. |
||
| 653 | _aნახევრადგამტარ მასალათა ტექნოლოგია | ||
| 653 | _aტექნიკა | ||
| 700 |
_aცისკარიშვილი, ი _92870 |
||
| 700 |
_aბასარია, ა _92871 |
||
| 700 |
_aკირვალიძე, ე _eრედაქტორი _92872 |
||
| 942 |
_cBK _2udc |
||